000 00611nam a2200229Ia 4500
003 OSt
005 20220918223856.0
006 a|||||r|||| 00| 0
007 ta
008 220917b |||||||| |||| 00| 0 eng d
024 _a225,472
037 _cTextual
040 _aARTS
_cARTS
_beng
041 _2eng
_aeng
082 _aR3xC67:g, N9(RD)
100 _aLloyd G.E.R.
_924044
245 0 _aAristotelian explorations
260 _aUK
_bCambridge University Press
_c1999
300 _aix, 242p.
_ccm.
942 _hR3xC67:g, N9(RD)
_cTEXL
_2CC
999 _c279644
_d279644